|
|
|
|
| LEADER |
01464nam a22003494a 4500 |
| 001 |
35526 |
| 003 |
BD-DhAAL |
| 005 |
20211201140155.0 |
| 008 |
190916t2004 caua bf 001 0 eng d |
| 999 |
|
|
|c 41264
|d 41264
|
| 010 |
|
|
|a 2003012384
|
| 020 |
|
|
|a 0761931244 (Paper)
|
| 020 |
|
|
|a 9780761931249
|
| 040 |
|
|
|a DLC
|c DLC
|d DLC
|d BD-DhAAL
|
| 042 |
|
|
|a pcc
|
| 043 |
|
|
|a n-us---
|
| 050 |
0 |
0 |
|a LC3981
|b .T53 2004
|
| 082 |
0 |
0 |
|a 371.9043
|2 21
|
| 100 |
1 |
|
|a Tileston, Donna Walker.
|9 34657
|
| 245 |
1 |
0 |
|a What every teacher should know about special learners /
|c Donna Walker Tileston.
|
| 260 |
|
|
|a Thousand Oaks, Calif. :
|b Corwin Press,
|c c2004.
|
| 300 |
|
|
|a xix, 108 pages :
|b illustrations ;
|c 24 cm.
|
| 490 |
1 |
|
|a What every teacher should know about--
|
| 504 |
|
|
|a Includes bibliographical references (pages 101-102) and index.
|
| 526 |
|
|
|a BIED
|
| 541 |
|
|
|a Complimentary copy from BIED
|e 35526
|
| 650 |
|
0 |
|a Special education
|z United States
|v Handbooks, manuals, etc.
|9 34658
|
| 650 |
|
0 |
|a Children with disabilities
|x Education
|z United States
|v Handbooks, manuals, etc.
|9 34659
|
| 800 |
1 |
|
|a Tileston, Donna Walker.
|t What every teacher should know about--
|9 34660
|
| 852 |
|
|
|a Ayesha Abed Library
|c BIED Collection
|
| 942 |
|
|
|2 ddc
|c BK
|
| 952 |
|
|
|0 0
|1 0
|2 ddc
|4 0
|6 371_904300000000000_TIL
|7 0
|9 66319
|a BRACUL
|b BRACUL
|c GEN
|d 2019-09-16
|e Complimentary copy from BIED
|l 0
|o 371.9043 TIL
|p 3010035526
|r 2019-09-16
|t 1
|w 2019-09-16
|y BK
|x Transferred from BIED to General Stacks
|